000 00941cab a2200241 4500
001 X87787
008 090401t1997 xxu||||| |||| 00| 0 eng d
035 _a(Sirsi) u82166
041 _aeng
245 _aNegligence
260 _c1997
350 _a0
490 _aEstates Gazette Case Summaries
_v[1997] EGCS 150, (15/11/97)
520 _aCA 5 November 1997. Application for `non-status` mortgage - defendant solictor acting for both parties - applicant misrepresenting current commitments and residence intentions - copy application form not sent to defendant - whether defendant negligent in confirming compliance with mortgagee`s conditions.
650 _aCONFLICT OF INTEREST
650 _aHYPO-MORTGAGE SERVICES LTD AND ANOTHER V DAVID PARRY & CO AND ANOTHER
650 _aMORTGAGES
650 _aNEGLIGENCE
650 _aSOLICITORS
690 _aPROPERTY LAW AND PRACTICE-CASE LAW
942 _n0
948 _c18/11/1997
999 _c51830
_d51830